000 00611nam a2200205 i 4500
001 147931
003 ES-MaACL
005 20260612132717.0
007 t|
008 071008s1969 sp ||||1| spa d
100 1 _aUscatescu, Jorge,
_d1919-1995
_9112293
245 1 0 _aMaquiavelo y la pasión del poder /
_cJorge Uscatescu.
260 _aMadrid :
_bGuadarrama,
_c1969.
300 _a219 p. ;
_c18 cm.
490 1 _aPunto Omega ;
_v102
600 1 4 _aMachiavelli, Niccolò,
_d1469-1527
_975181
830 0 _aPunto Omega ;
_v102
_9180707
852 _aES-MaACL
_jC-40725
_bR.72987
999 _c147931
_d147931